Samba el fanfarrón. La tortuga de Camerún /

"Samba el fanfarrón" es una leyenda de la República de Malí. La tortuga de Camerún es un cuento de Camerún.

Guardado en:
Autor Principal: Ferro, Beatriz.
Otros Autores: Torres, Elena; il.
Formato: Libro
Idioma:Undetermined
Publicado: Buenos Aires : Página/12, 2000.
Series:Historias fantásticas de América y el mundo ; 2
Materias:
Etiquetas: Agregar Etiqueta
Sin Etiquetas, Sea el primero en etiquetar este registro!
LEADER 00768nam a22002055a 4500
001 CEM.cems021195
008 240604s2000####ag############000#0#und#d
005 20240604145838.0
245 1 0 |a Samba el fanfarrón. La tortuga de Camerún /  |c Beatriz Ferro ; ilustrado por Elena Torres. 
260 |a Buenos Aires :  |b Página/12,  |c 2000. 
300 |a 32 p. 
490 1 |a Historias fantásticas de América y el mundo ;  |v 2 
520 |a "Samba el fanfarrón" es una leyenda de la República de Malí. La tortuga de Camerún es un cuento de Camerún. 
020 |a 9875032433 
100 1 |a Ferro, Beatriz. 
700 1 |a Torres, Elena; il. 
653 |a Mitos 
653 |a Leyendas 
653 |a Mitos africanos 
859 |a CEMS  |b BIB. CEMS - Inicial y Primaria  |h 398.2  |i F417-1  |k IP  |p 6024  |t Ej.1